Poznań - Linia Tramwajowa nr2 - Statystyki

Ogólne statystyki
  • Ten quiz został rozwiązany 38 razy
  • Średni wynik to 19 z 24
Statystyki odpowiedzi
Uwagi Przystanek % Poprawnych
Pętla Ogrody
100%
Rynek Jeżycki
90%
Zamek
90%
Pętla Dębiec PKM
87%
Rondo Kaponiera
87%
Żeromskiego
87%
Kraszewskiego
84%
Polna
84%
Półwiejska
84%
Stare Zoo
84%
Tylko w stronę pętli Dębiec PKM Święty Marcin
81%
Aleje Marcinkowskiego
77%
AWF
77%
Plac Wiosny Ludów
74%
Rynek Wildecki
74%
HCP
71%
Łąkowa
71%
Tylko w stronę pętli Ogrody 27 Grudnia - Teatr Polski
68%
Tylko w stronę pętli Ogrody Gwarna
68%
Kosińskiego
68%
Pamiątkowa
68%
Różana
68%
Traugutta
65%
Wspólna
65%
Nie znaleziono quizów pasujących do podanych kryteriów
Rozkład punktacji
Procent ludzi z każdym wynikiem
Percentyl według liczby udzielonych odpowiedzi
Twoja historia wyników
Nie rozwiązałeś tego quizu